| 000 | 00577nam a22001817a 4500 | ||
|---|---|---|---|
| 999 |
_c16073 _d16073 |
||
| 003 | AR-CdUCM | ||
| 008 | 190502b ||||| |||| 00| 0 spa d | ||
| 040 |
_aMUNICIPALIDAD PROVINCIAL DEL CUSCO _cBIBLIOTECA MUNICIPAL DEL CUSCO |
||
| 082 |
_aES / 912 / _bB32 |
||
| 100 |
_aBenavides Estrada, Juan Augusto. _929491 |
||
| 245 | _aNuevo atlas del Perú y del mundo / | ||
| 260 |
_aLima : _bEscuela nueva, |
||
| 300 |
_a194 páginas ; _c28 cm. |
||
| 650 |
_aHistoria del Perú y del mundo. _935346 |
||
| 650 |
_aGeografía _9318 |
||
| 942 |
_2ddc _cLIBROS |
||
| 945 |
_arum _d2019-05-02 |
||